| 000 | 00505nam a2200169Ia 4500 | ||
|---|---|---|---|
| 008 | 090201s9999 xx 000 0 und d | ||
| 010 | _aKPL-59855 | ||
| 040 | _bमराठी | ||
| 041 | _aमराठी | ||
| 082 |
_a10577 _b59855 |
||
| 100 | _aप्रशांत दळवी | ||
| 245 |
_aचाहूल _cप्रशांत दळवी |
||
| 260 |
_c2004 _bपॉप्युलर प्रकाशन |
||
| 300 |
_a48 _bमोठा |
||
| 600 | _aचाहूल | ||
| 942 | _cBOOK | ||
| 999 |
_c211013 _d211013 |
||